000 01274nmc a2200445 a 4500
003 AR-BaBNM
005 20251128211146.0
008 053020s2000 ||||||||||||||000 | spa||
020 _a987-9334-56-6
040 _cAR-BaBNM
100 1 _aSarlo, Beatriz
245 1 0 _aEl imperio de los sentimientos
_bnarraciones de circulación periódica en la Argentina (1917 - 1927)
260 _aBuenos Aires
_bGrupo Editorial Norma
_c2000
300 _a232 p.
_bil.
490 0 _aColección Vitral
500 _aContiene una lista de las publicaciones semanales mencionadas en la p. 231
504 _aContiene referencias bibliográficas a pie de página
650 4 _aLITERATURA ARGENTINA
650 4 _aNARRACION
650 4 _aMEDIOS DE COMUNICACION DE MASAS
650 4 _aPRENSA
650 4 _aLECTORES
650 4 _aMUJERES
650 4 _aMUJERES CASADAS
650 4 _aMUJERES ESCRITORAS
650 4 _aFELICIDAD
650 4 _aFEMINEIDAD
650 4 _aFENOMENO SOCIAL
650 4 _aROMANTICISMO
650 4 _aSENTIMIENTOS
650 4 _aAMOR
650 4 _aDESEO
650 4 _aIMAGEN CORPORAL
650 4 _aCRITICA LITERARIA
650 4 _aANALISIS SOCIOLOGICO
653 _aGENERO
655 _aLITERATURA
942 _cBK
998 _cEugenia
999 _c18501
_d18501